Certeza, coherencia y confianza: mensaje a los católicos chilenos en una hora de transición

Uloženo v:
Podrobná bibliografie
Korporativní autor: Conferencia Episcopal de Chile (Autor)
Médium: Kniha
Jazyk:španělština
Vydáno: Santiago Conferencia Episcopal de CHile 1989
Vydání:2a. ed
Témata:
Tagy: Přidat tag
Žádné tagy, Buďte první, kdo vytvoří štítek k tomuto záznamu!

MARC

LEADER 00000nam a2200000 a 4500
001 UCX1477
003 CL-VaPUC
008 900828e19890000CL |||||||||||||||||spa|d
082 0 4 |a 262.3  |b CON  |2 21 
110 2 |a Conferencia Episcopal de Chile  |e author  |9 316980 
245 1 0 |a Certeza, coherencia y confianza: mensaje a los católicos chilenos en una hora de transición 
250 |a 2a. ed 
300 |a 83 p 
942 |c BK 
945 |d 19900828 00:00:00 
260 |a Santiago  |b Conferencia Episcopal de CHile  |c 1989 
650 0 |a Teología pastoral   |9 257832 
651 7 |a CHILE  |2 CL-VaPUC  |9 316981 
583 |a last modification  |c 19900828 00:00:00  |k Rodrigo Vera 
999 |c 222700  |d 222698 
952 |0 0  |1 2  |4 0  |6 262_300000000000000_CON_1989  |7 0  |8 A  |9 217822  |a BIBTEO  |b BIBTEO  |d 2019-11-15  |i 2866692  |o 262.3 CON 1989  |p 2866692  |r 2019-11-15  |w 2019-11-15  |x Descarte 2019  |y BK  |k ICR 
952 |0 0  |1 2  |4 0  |6 262_300000000000000_CON_1989  |7 0  |8 A  |9 217823  |a BIBTEO  |b BIBTEO  |d 2019-11-15  |i 2866706  |o 262.3 CON 1989  |p 2866706  |r 2019-11-15  |w 2019-11-15  |x Descarte 2019  |y BK  |k ICR 
952 |0 0  |1 2  |4 0  |6 262_300000000000000_CON_1989  |7 0  |8 A  |9 217824  |a BIBTEO  |b BIBTEO  |d 2019-11-15  |i 2866714  |o 262.3 CON 1989  |p 2866714  |r 2019-11-15  |w 2019-11-15  |x Descarte 2019  |y BK  |k ICR 
952 |0 0  |1 0  |4 0  |6 262_300000000000000_CON_1989  |7 0  |8 A  |9 217825  |a BIBTEO  |b BIBTEO  |d 2019-11-15  |i 2866722  |o 262.3 CON 1989  |p 2866722  |r 2025-01-17  |w 2019-11-15  |y BK  |k ICR 
952 |0 0  |1 0  |4 0  |6 262_300000000000000_CON_1989  |7 0  |8 A  |9 217826  |a BIBTEO  |b BIBTEO  |d 2019-11-15  |i 2866730  |o 262.3 CON 1989  |p 2866730  |r 2025-01-17  |w 2019-11-15  |y BK  |k ICR